|
|
|
|
| LEADER |
00706cam a22001697a 4500 |
| 008 |
020108s1999 caua 000 0 eng |
| 020 |
|
|
|a 1880687313
|
| 100 |
1 |
|
|a Emir, Rudite J.
|
| 245 |
1 |
0 |
|a At every breath, a teaching :
|b stories about the life and teachings of Swami Chinmayananda /
|c Rudite Emir.
|
| 260 |
|
|
|a Piercy, Calif. :
|b Chinmaya Publications,
|c c1999.
|
| 300 |
|
|
|a xvi, 318 p. :
|b col. ill. ;
|c 26 cm.
|
| 600 |
0 |
0 |
|a Chinmayananda,
|c Swami.
|
| 906 |
|
|
|a 7
|b cbc
|c orignew
|d 4
|e ncip
|f 20
|g y-gencatlg
|
| 942 |
|
|
|c BK
|
| 955 |
|
|
|a pv19 2002-01-08 to SSCD
|c sh14 2002-02-05;
|c yj03 2003-03-13 to CMD
|
| 999 |
|
|
|c 277132
|d 277132
|
| 952 |
|
|
|0 0
|1 0
|2 ddc
|4 0
|7 0
|9 311710
|a PHL
|b PHL
|c ST1
|d 2016-02-11
|i 3956
|l 0
|p PHL3956
|r 2016-02-11
|y BK
|